I'd say yes, God, if i knew what you wanted: Spiritual discernment
Uloženo v:
| Hlavní autor: | |
|---|---|
| Médium: | Kniha |
| Jazyk: | Undetermined |
| Vydáno: |
Canada
Northstone
2001
|
| Témata: | |
| Tagy: |
Přidat tag
Žádné tagy, Buďte první, kdo otaguje tento záznam!
|
| Thư viện lưu trữ: | Trung tâm Học liệu Trường Đại học Cần Thơ |
|---|
| LEADER | 00495nam a2200181Ia 4500 | ||
|---|---|---|---|
| 001 | CTU_56110 | ||
| 008 | 210402s9999 xx 000 0 und d | ||
| 082 | |a 291.4 | ||
| 082 | |b R328 | ||
| 100 | |a Nancy Reeves | ||
| 245 | 0 | |a I'd say yes, God, if i knew what you wanted: Spiritual discernment | |
| 245 | 0 | |c Nancy Reeves | |
| 260 | |a Canada | ||
| 260 | |b Northstone | ||
| 260 | |c 2001 | ||
| 650 | |a god,spiritual life | ||
| 650 | |x will | ||
| 980 | |a Trung tâm Học liệu Trường Đại học Cần Thơ | ||